000 00606nam a22001817a 4500
999 _c58873
_d58873
005 20221107170945.0
008 221012s2019ge xxu||||| |||| 00| 0 ger d
020 _a 9783126071581 X
080 _a811.112.2'373 R-95
100 _aRusch, Paul.
_915285
245 _a Netzwerk neu :
_bA1. Intensivtrainer /
_cPaul Rusch.
264 _a Stuttgart ;
_bErnst Klett Sprachen,
_c2019.
300 _a80 p.:
_bllustrationen ,
_c29 cm.
440 _a Deutsch als Fremdsprache
_915296
653 _a Netzwerk neu A1. Intensivtrainer
653 _aგერმანული ლექსიკა
942 _2udc
_cBK